| 000 | 01060nam a2200337Ia 4500 | ||
|---|---|---|---|
| 001 | 57267 | ||
| 003 | CO-BoRNBP | ||
| 005 | 20250610150631.0 | ||
| 007 | ta | ||
| 008 | 180109s9999 xx 000 0 und d | ||
| 020 | _a9788496834330 | ||
| 040 |
_aCO-BoRNBP _bspa _erda _cCO-BoRNBP |
||
| 041 | _aspa | ||
| 084 | _aN BUZ1 | ||
| 100 | 1 |
_aBuzzati, Dino, 1906-1972, _960163 |
|
| 245 | 1 | 0 |
_aEl colombre / _cDino Buzzati ; traducción del italiano de Mercedes Corral. |
| 250 | _aPrimera edición | ||
| 264 | 1 |
_aBarcelona : _bAcantilado;2008 |
|
| 300 |
_a380 páginas ; _c21 cm |
||
| 336 |
_atexto _btxt _2rdacontent |
||
| 337 |
_asin mediación _bn _2rdamedia |
||
| 338 |
_avolumen _bnc _2rdacarrier |
||
| 490 | 0 | _aNarrativa del acantilado ; 131 | |
| 650 | 0 | 0 |
_aMonstruos marinos _2LEMB _960164 |
| 650 | 0 | 0 |
_aAutores italianos. _2LEMB |
| 650 | 0 | 0 |
_aNovela fantástica _2LEMB _915736 |
| 650 | 0 | 0 |
_aLiteratura juvenil italiana _2LEMB _960165 |
| 650 | 0 | 0 |
_aNovela juvenil italiana _2LEMB _960166 |
| 700 | 1 |
_aCorral, Mercedes, traductora _960167 |
|
| 942 |
_2loc _cBK |
||
| 999 |
_c57267 _d57267 |
||